| 000 | 00933nmm a2200325 a 4500 | ||
|---|---|---|---|
| 003 | AR-BaBNM | ||
| 005 | 20251128204946.0 | ||
| 008 | 076019s1993 ||||||||||||||000 | spa|| | ||
| 020 | _a987-9028-01-5 | ||
| 040 | _cAR-BaBNM | ||
| 110 | 2 |
_aUniversidad Nacional del Comahue _bFacultad de Derecho y Ciencias Sociales |
|
| 245 | 1 | 0 | _aCampesinado y ganadería trashumante en Neuquén |
| 260 |
_aBuenos Aires _bLa colmena _c1993 |
||
| 300 | 1 |
_axxviii, 225 p. _bgráfs., tablas |
|
| 500 | 0 | _aContiene referencias bibliográficas en p. 225 | |
| 650 | 4 | _aSOCIOLOGIA RURAL | |
| 650 | 4 | _aDEMOGRAFIA | |
| 650 | 4 | _aPOBLACION RURAL | |
| 650 | 4 | _aECONOMIA RURAL | |
| 650 | 4 | _aZONAS RURALES | |
| 650 | 4 | _aTRABAJADORES AGRICOLAS | |
| 650 | 4 | _aGANADERIA | |
| 650 | 4 | _aINDUSTRIA GANADERA | |
| 650 | 4 | _aZOOTECNIA | |
| 650 | 4 | _aECONOMIA DOMESTICA | |
| 650 | 4 | _aAGRICULTURA | |
| 651 | 4 | _aNeuquén | |
| 942 | _cBK | ||
| 998 | _cMARTIN | ||
| 999 |
_c9487 _d9487 |
||